000 00934nam a22002177a 4500
999 _c16350
_d16350
008 220106b ||||| |||| 00| 0 eng d
020 _a9786210400922
082 _22019
_aDFil 650.072
_bB964
100 _aTe, Danilo M., author
_943782
245 _aBusiness research with statistical applications:
_btextbook and guidebook for doing and writing research/
_cDanilo M. Te, Divina V. Sabanal, Jovelyn A. Castro, Christhoffer P. Lelis, authors
250 _aFirst edition
260 _aManila, Philippines:
_bRex Book Store,
_c©2019.
300 _aiii, 196 pages:
_billustrations;
_c25 cm.
500 _aIncludes glossary, bibliographical references and index.
650 _aBusiness -- Research -- Methodology.
_939955
650 _aAcademic writing.
_943783
700 _aSabanal, Divina V., author
_943784
700 _aCastro, Jovelyn A., author
_943785
700 _aLelis, Christhoffer P., author
_943786
942 _2ddc
_cDFIL